000
00371nam a2200133Ia 4500
008
151001s9999||||xx |||||||||||||| ||und||
100
_a
जयराम कामत
245
_a
अंधारयातत्री
250
_a
1
260
_b
"मित्र समाज प्रकाशन, गोवा"
260
_c
2013
300
_a
136
365
_b
21
999
_c
999646
_d
999643